书目信息 |
| 题名: |
电厂烟气脱硫设备及运行
|
|
| 作者: | 孙克勤 主编 | |
| 分册: | ||
| 出版信息: | 北京 中国电力出版社 2007.04 |
|
| 页数: | 201页 | |
| 开本: | 26cm | |
| 丛书名: | ||
| 单 册: | ||
| 中图分类: | X773.013 | |
| 科图分类: | ||
| 主题词: | 发电厂--fa dian chang--烟气脱硫--生产设备--运行 | |
| 电子资源: | ||
| ISBN: | 978-7-5083-5213-8 | |
| 000 | 00849nam0 2200229 450 | |
| 001 | 012007936624 | |
| 005 | 20070927102422.98 | |
| 010 | @a978-7-5083-5213-8@dCNY30.00 | |
| 100 | @a20070816d2007 km y0chiy0120 ea | |
| 101 | 0 | @achi |
| 102 | @aCN@b110000 | |
| 105 | @aa a 000yy | |
| 200 | 1 | @a电厂烟气脱硫设备及运行@Adian chang yan qi tuo liu she bei ji yun xing@f孙克勤主编@Fsun ke qin zhu bian |
| 210 | @a北京@c中国电力出版社@d2007.04 | |
| 215 | @a201页@c图@d26cm | |
| 320 | @a有书目 (第201页)。 | |
| 330 | @a本书阐述了我国控制二氧化硫污染问题的有关政策,重点介绍了目前应用最普遍的二氧化硫控制技术——石灰石湿法烟气脱硫技术,讲述了工艺系统、设备和材料等各方面。 | |
| 606 | 0 | @a发电厂@Afa dian chang@x烟气脱硫@x生产设备@x运行 |
| 690 | @aX773.013@v4 | |
| 701 | 0 | @a孙克勤@Asun ke qin@4主编 |
| 801 | 0 | @aCN@c20070927 |
| 905 | @dX773.013@eS925 | |
| 电厂烟气脱硫设备及运行/孙克勤主编.-北京:中国电力出版社,2007.04 |
| 201页:图;26cm |
| ISBN 978-7-5083-5213-8:CNY30.00 |
| 本书阐述了我国控制二氧化硫污染问题的有关政策,重点介绍了目前应用最普遍的二氧化硫控制技术——石灰石湿法烟气脱硫技术,讲述了工艺系统、设备和材料等各方面。 |
| ● |
| 相关链接 |
|
|
|
正题名:电厂烟气脱硫设备及运行
索取号:X773.013/S925
 
预约/预借
| 序号 | 登录号 | 条形码 | 馆藏地/架位号 | 状态 | 备注 |
| 1 | 246138 | 202461380 | 自科库501/501自科库 110排1列1层/ [索取号:X773.013/S925] | 在馆 | |
| 2 | 246139 | 202461399 | 自科二线504/504自科库 28排1列1层/ [索取号:X773.013/S925] | 在馆 | |
| 3 | 246140 | 202461406 | 自科库501/501自科库 110排1列1层/ [索取号:X773.013/S925] | 在馆 |